NFL Teams from North to South - Statistics

General Stats
  • This quiz has been taken 393 times
    310 since last reset
  • The average score is 16 of 30
Answer Stats
Latitude Team % Correct
47.595°N Seattle Seahawks
96%
44.974°N Minnesota Vikings
90%
44.501°N Green Bay Packers
88%
42.774°N Buffalo Bills
76%
42.340°N Detroit Lions
76%
42.091°N New England Patriots
71%
41.863°N Chicago Bears
64%
40.814°N New York Giants/Jets
64%
41.506°N Cleveland Browns
63%
40.447°N Pittsburgh Steelers
59%
39.901°N Philadelphia Eagles
58%
25.958°N Miami Dolphins
57%
27.976°N Tampa Bay Buccaneers
54%
39.760°N Indianapolis Colts
51%
29.685°N Houston Texans
49%
29.951°N New Orleans Saints
47%
32.748°N Dallas Cowboys
45%
39.278°N Baltimore Ravens
44%
30.324°N Jacksonville Jaguars
44%
33.953°N Los Angeles Chargers/Rams
43%
39.744°N Denver Broncos
41%
33.755°N Atlanta Falcons
39%
39.095°N Cincinnati Bengals
39%
33.528°N Arizona Cardinals
37%
38.908°N Washington Football Team
36%
35.226°N Carolina Panthers
34%
39.049°N Kansas City Chiefs
34%
37.403°N San Francisco 49ers
34%
36.091°N Las Vegas Raiders
32%
36.166°N Tennessee Titans
30%
No matching quizzes found
Score Distribution
Percent of People with Each Score
Percentile by Number Answered
Your Score History
You have not taken this quiz since the last reset